Principles of Object-Oriented Modeling and Simulation with Modelica 3.3 A Cyber-Physical Approach /

Enregistré dans:
Détails bibliographiques
Auteur principal: Fritzson, Peter (Auteur)
Format: Livre
Langue:anglais
Publié: Piscataway : Wiley, 2015
Édition:2. vyd.
Tags: Ajouter un tag
Pas de tags, Soyez le premier à ajouter un tag!

MARC

LEADER 00000nam a22000003a 4500
001 0006037
003 SK-STU
005 20160119142559.9
007 ta
008 150708s ----xo-----e------000-0-----d
020 |a 978-1-118-85912-4 
040 |a STU  |b slo 
041 0 |a eng 
044 |a xxu 
080 |a 004.031.43 
100 1 |a Fritzson, Peter  |4 aut 
245 1 0 |a Principles of Object-Oriented Modeling and Simulation with Modelica 3.3  |b A Cyber-Physical Approach /  |c aut. Peter Fritzson 
250 |a 2. vyd. 
260 |a Piscataway :  |b Wiley,  |c 2015 
300 |a 1223 s. 
996 |b 284EK89524  |c E* 89524  |l EE30  |s P  |a 0  |w 0006037_0001